Statistics for Legend of Zelda: Breath of the Wild Weapons Quiz

Click here to take the quiz!

General Stats

  • This quiz has been taken 615 times
  • The average score is 53 of 121

Answer Stats

Weapons% Correct
Traveler's Sword
81%
Master Sword
79%
Royal Broadsword
78%
Rusty Broadsword
78%
Knight's Broadsword
77%
Royal Guard's Sword
76%
Soldier's Broadsword
76%
Ancient Short Sword
72%
Boko Spear
71%
Forest Dweller's Sword
71%
Guardian Spear
71%
Guardian Spear+
71%
Zora Sword
71%
Royal Guard's Spear
68%
Traveler's Spear
68%
Ancient Spear
67%
Flamespear
67%
Frostspear
67%
Lizal Spear
67%
Soldier's Spear
67%
Zora Spear
67%
Dragonbone Boko Spear
66%
Moblin Spear
66%
Spiked Boko Spear
66%
Thunderspear
66%
Gerudo Spear
65%
Dragonbone Moblin Spear
64%
Spiked Moblin Spear
64%
Enhanced Lizal Spear
63%
Forest Dweller's Spear
63%
Forked Lizal Spear
63%
Throwing Spear
63%
Feathered Spear
62%
Serpentine Spear
62%
Boko Club
61%
Royal Claymore
61%
Knight's Claymore
57%
Royal Guard's Claymore
55%
Rusty Claymore
55%
Soldier's Claymore
54%
Traveler's Claymore
54%
Dragonbone Boko Club
53%
Moblin Club
52%
Spiked Boko Club
52%
Tree Branch
52%
Woodcutter's Axe
52%
Dragonbone Moblin Club
50%
Golden Claymore
50%
Lizal Boomerang
50%
Spiked Moblin Club
50%
Double Axe
49%
Lizal Tri Boomerang
49%
Lizal Forked Boomerang
48%
Giant Boomerang
47%
Boomerang
46%
Flameblade
45%
Frostblade
44%
Thunderblade
44%
Gerudo Scimitar
41%
Moonlight Scimitar
41%
Iron Sledgehammer
40%
Lightscale Trident
38%
Scimitar of the Seven
38%
Cobble Crusher
37%
Fire Rod
37%
Ice Rod
37%
Lightning Rod
37%
Blizzard Rod
36%
Lynel Crusher
36%
Meteor Rod
36%
Thunderstorm Rod
36%
Torch
36%
Korok Leaf
35%
Boko Bat
34%
Savage Lynel Crusher
34%
Ceremonial Trident
33%
Feathered Edge
33%
Spring-Loaded Hammer
33%
Eightfold Blade
32%
Mighty Lynel Crusher
32%
Rusty Halberd
32%
Knight's Halberd
31%
Royal Halberd
31%
Boulder Breaker
30%
Dragonbone Boko Bat
30%
Guardian Sword+
30%
Guardian Sword++
30%
Guardian Sword
30%
Spiked Boko Bat
30%
Great Flameblade
28%
Great Frostblade
27%
Savage Lynel Sword
27%
Great Thunderblade
26%
Guardian Spear++
26%
Lynel Sword
25%
Mighty Lynel Sword
25%
Soup Ladle
25%
Farmer's Pitchfork
23%
Stone Smasher
23%
Wooden Mop
23%
Lynel Spear
21%
Ancient Battle Axe++
20%
Ancient Battle Axe
20%
Ancient Battle Axe+
20%
Bokoblin Arm
20%
Lizalfos Arm
20%
Moblin Arm
20%
Windcleaver
20%
Demon Carver
19%
Ancient Bladesaw
18%
Drillshaft
17%
Savage Lynel Spear
17%
Edge of Duality
16%
Farming Hoe
16%
Mighty Lynel Spear
15%
Vicious Sickle
15%
Boat Oar
13%
Eightfold Longblade
11%
Fishing Harpoon
11%
Silver Longsword
11%
Silverscale Spear
9%

Score Distribution

Percentile by Number Answered

Percent of People with Each Score

Your Score History

You have not taken this quiz